| 000 | 01173nam a22003377a 4500 | ||
|---|---|---|---|
| 003 | CHAP | ||
| 005 | 20220329133953.0 | ||
| 008 | 971013s1979 r 00010 d | ||
| 010 | _a13416 | ||
| 011 | _a14388 | ||
| 035 | _a18461 | ||
| 040 | _cCHAP | ||
| 090 | _aTesis | ||
| 100 | 0 | 0 |
_aCastellanos Guzmán, Francisco. _920002 |
| 245 |
_aDeterminación en pastizales de Mapastepec, Chiapas _b: de larvas infectantes de vermes gastrointestinales en bovinos |
||
| 260 |
_aMéxico, D.F. : _bEl autor, _c1979 |
||
| 300 | _a(s.p.) | ||
| 502 | _aTesis (Médico Veterinario Zootecnista) -- UNAM. Fac. de Medicina Veterinaria y Zootecnia | ||
| 590 |
_aALEPH _b10 _c20130110 _lUCH01 _h1232 |
||
| 590 |
_aBATCH-UPD _b10 _c20130110 _lUCH01 _h2059 |
||
| 590 |
_aBATCH-UPD _b10 _c20130410 _lUCH01 _h1412 |
||
| 590 |
_aBATCH-UPD _b10 _c20130914 _lUCH01 _h1528 |
||
| 590 |
_aCONVERSION _b10 _c20130109 _lUCH01 _h1309 |
||
| 650 | 1 | 4 |
_aGanado vacuno _xParásitos. _945500 |
| 650 | 1 | 4 |
_aNemátodos parásitos de bovinos. _980829 |
| 650 | 1 | 4 |
_aPastos _xChiapas. _986001 |
| 650 | 1 | 4 |
_aPastos _xContaminación. _986010 |
| 901 | _aBK | ||
| 942 | _cTESIS | ||
| 949 |
_bBC _cTES _d-43078 _eTS1 _i18461 _si |
||
| 999 |
_c13416 _d13416 |
||